<?xml version="1.0" encoding="UTF-8"?>
<record
    xmlns:xsi="http://www.w3.org/2001/XMLSchema-instance"
    xsi:schemaLocation="http://www.loc.gov/MARC21/slim http://www.loc.gov/standards/marcxml/schema/MARC21slim.xsd"
    xmlns="http://www.loc.gov/MARC21/slim">

  <leader>00914aab a2200193 i 4500</leader>
  <controlfield tag="001">768714001</controlfield>
  <controlfield tag="003">CO-MdFUSB</controlfield>
  <controlfield tag="005">20240424134502.0</controlfield>
  <controlfield tag="008">220822t2005    ck  |||| |||| 00| 0 spa d</controlfield>
  <datafield tag="040" ind1=" " ind2=" ">
    <subfield code="b">spa</subfield>
    <subfield code="c">CO-MdFUSB</subfield>
  </datafield>
  <datafield tag="041" ind1=" " ind2=" ">
    <subfield code="a">spa</subfield>
  </datafield>
  <datafield tag="100" ind1="1" ind2=" ">
    <subfield code="a">Romo, Victoria E</subfield>
    <subfield code="e">autor</subfield>
  </datafield>
  <datafield tag="245" ind1="1" ind2="0">
    <subfield code="a">&#xED;Al&#xF3;, al&#xF3;! :</subfield>
    <subfield code="b">Apuntes Mujer L&#xED;der</subfield>
    <subfield code="c">/ Victoria E. Romo</subfield>
  </datafield>
  <datafield tag="300" ind1=" " ind2=" ">
    <subfield code="a">Volumen 22, n&#xFA;mero 3 (abril - junio, 2005), p&#xE1;ginas: 18 - 19</subfield>
    <subfield code="c">; 27 cm</subfield>
  </datafield>
  <datafield tag="520" ind1=" " ind2=" ">
    <subfield code="a">El tel&#xE9;fono debe ser contestado a la mayor brevedad posible.
Es adecuado usar un volumen medio y una dicci&#xF3;n clara.
Quien contesta debe decir el nombre de la organizaci&#xF3;n y saludar  seg&#xFA;n la hora del d&#xED;a. Si responde desde un residencia, el trato debe ser igualmente amable.
</subfield>
  </datafield>
  <datafield tag="653" ind1=" " ind2=" ">
    <subfield code="a">Cortes&#xED;a laboral</subfield>
  </datafield>
  <datafield tag="773" ind1="0" ind2=" ">
    <subfield code="t">Apuntes Pastorales</subfield>
    <subfield code="0">49442</subfield>
    <subfield code="9">60138</subfield>
    <subfield code="g">Volumen 22, n&#xFA;mero 3 (abril - junio, 2005), p&#xE1;ginas: 18 - 19</subfield>
    <subfield code="q">p&#xE1;gina: 18</subfield>
  </datafield>
  <datafield tag="942" ind1=" " ind2=" ">
    <subfield code="c">ANA</subfield>
  </datafield>
  <datafield tag="952" ind1=" " ind2=" ">
    <subfield code="0">0</subfield>
    <subfield code="1">0</subfield>
    <subfield code="4">0</subfield>
    <subfield code="7">0</subfield>
    <subfield code="8">HEM</subfield>
    <subfield code="a">FUSBC</subfield>
    <subfield code="b">FUSBC</subfield>
    <subfield code="d">2016-01-26</subfield>
    <subfield code="l">0</subfield>
    <subfield code="o"> </subfield>
    <subfield code="r">2016-01-26 00:00:00</subfield>
    <subfield code="y">ANA</subfield>
  </datafield>
  <datafield tag="999" ind1=" " ind2=" ">
    <subfield code="c">60974</subfield>
    <subfield code="d">60974</subfield>
  </datafield>
</record>
